A political economy of the Middle East / (Record no. 11386)
[ view plain ]
| 000 -LEADER | |
|---|---|
| fixed length control field | 01126nam a22002655a 4500 |
| 005 - DATE AND TIME OF LATEST TRANSACTION | |
| control field | 20201128020745.0 |
| 008 - FIXED-LENGTH DATA ELEMENTS--GENERAL INFORMATION | |
| fixed length control field | 090422t2008 couab frb 001 0 eng d |
| 020 ## - INTERNATIONAL STANDARD BOOK NUMBER | |
| International Standard Book Number | 0813343488 |
| 020 ## - INTERNATIONAL STANDARD BOOK NUMBER | |
| International Standard Book Number | 9780813343488 |
| 040 ## - CATALOGING SOURCE | |
| Original cataloging agency | EG-ScBUE |
| Language of cataloging | eng |
| Transcribing agency | EG-ScBUE |
| Modifying agency | EG-ScBUE |
| 082 04 - DEWEY DECIMAL CLASSIFICATION NUMBER | |
| Classification number | 338.956 |
| Item number | RIC |
| Edition number | 22 |
| 100 1# - MAIN ENTRY--PERSONAL NAME | |
| Personal name | Richards, Alan |
| Dates associated with a name | 1946- |
| 9 (RLIN) | 2734 |
| 245 12 - TITLE STATEMENT | |
| Title | A political economy of the Middle East / |
| Statement of responsibility, etc | Alan Richards, John Waterbury. |
| 250 ## - EDITION STATEMENT | |
| Edition statement | 3rd ed. |
| 260 ## - PUBLICATION, DISTRIBUTION, ETC. (IMPRINT) | |
| Place of publication, distribution, etc | Boulder : |
| Name of publisher, distributor, etc | Westview Press, |
| Date of publication, distribution, etc | c.2008. |
| 300 ## - PHYSICAL DESCRIPTION | |
| Extent | xviii, 474 p. : |
| Other physical details | charts, maps ; |
| Dimensions | 23 cm. |
| 504 ## - BIBLIOGRAPHY, ETC. NOTE | |
| Bibliography, etc | Includes bibliographical references and index. |
| 520 ## - SUMMARY, ETC. | |
| Summary, etc | An analysis of the transformation of the political economy of the nations of the Middle East over the past several decades. The authors stress the interrelation of politics and development strategies. |
| 650 #7 - SUBJECT ADDED ENTRY--TOPICAL TERM | |
| Topical term or geographic name as entry element | Working class |
| Geographic subdivision | Middle East. |
| Source of heading or term | BUEsh |
| 9 (RLIN) | 2735 |
| 651 #7 - SUBJECT ADDED ENTRY--GEOGRAPHIC NAME | |
| Geographic name | Middle East |
| General subdivision | Economic policy. |
| Source of heading or term | BUEsh |
| 9 (RLIN) | 29818 |
| 651 #7 - SUBJECT ADDED ENTRY--GEOGRAPHIC NAME | |
| Geographic name | Middle East |
| General subdivision | Politics and government. |
| Source of heading or term | BUEsh |
| 9 (RLIN) | 11754 |
| 653 ## - INDEX TERM--UNCONTROLLED | |
| Resource For college | BAEPS, Economics |
| -- | BAEPS, Political Science |
| Arrived date list | September2014 |
| -- | July2018 |
| 700 1# - ADDED ENTRY--PERSONAL NAME | |
| Personal name | Waterbury, John. |
| 9 (RLIN) | 2739 |
| 942 ## - ADDED ENTRY ELEMENTS (KOHA) | |
| Source of classification or shelving scheme | Dewey Decimal Classification |
| Withdrawn status | Item status | Source of classification or shelving scheme | Damaged status | Not for loan | Vendor | Home library | Current library | Shelving location | Date acquired | Source of acquisition | Cost, normal purchase price | Serial Enumeration / chronology | Total Checkouts | Full call number | Barcode | Checked out | Date last seen | Date last borrowed | Koha item type | Total Renewals | Materials specified (bound volume or other part) |
|---|---|---|---|---|---|---|---|---|---|---|---|---|---|---|---|---|---|---|---|---|---|
| Dewey Decimal Classification | Baccah | Central Library | Central Library | First floor | 22/04/2009 | 320.00 | 6993 | 1 | 338.956 RIC | 000015785 | 28/03/2011 | 19/10/2010 | 19/10/2010 | Book - Borrowing | |||||||
| Dewey Decimal Classification | Baccah | Central Library | Central Library | First floor | 22/04/2009 | 30 | 338.956 RIC | 000036389 | 15/07/2025 | 16/09/2019 | Book - Borrowing | 50 | |||||||||
| Lost | Dewey Decimal Classification | Baccah | Central Library | Central Library | First floor | 25/03/2012 | 6 | 338.956 RIC | 000026520 | 20/10/2013 | 10/10/2013 | NB - Book (Non borrowing) | 20 | Lost In Inventory_2015-8-23 | |||||||
| Dewey Decimal Classification | Baccah | Central Library | Central Library | First floor | 25/03/2012 | 23 | 338.956 RIC | 000026521 | 15/07/2025 | 12/11/2018 | Book - Borrowing | 82 | |||||||||
| Dewey Decimal Classification | Baccah | Central Library | Central Library | First floor | 17/07/2018 | Purchase | 3 | 338.956 RIC | 000043465 | 15/07/2025 | 24/11/2020 | Book - Borrowing | 4 |